| 000 | 00885nmc a2200313 a 4500 | ||
|---|---|---|---|
| 003 | AR-BaBNM | ||
| 005 | 20251128211031.0 | ||
| 008 | 242020s1991 ||||||||||||||000 | spa|| | ||
| 020 | _a0-582-09133-0 | ||
| 040 | _cAR-BaBNM | ||
| 100 | 1 | _aHarmer, Jeremy | |
| 245 | 1 | 0 | _aThe practice of english language teaching |
| 250 | _a1st. ed. | ||
| 260 |
_aEdinburgh _bLongman _c1991 |
||
| 300 | 0 |
_a296 p. _bgráfs., tablas |
|
| 490 | 0 | _aLongman handbooks for language teachers | |
| 500 | 0 | _aContiene índice alfabético | |
| 504 | _aContiene referencias bibliográficas p. 285-288 | ||
| 650 | 4 | _aENSENANZA DE IDIOMAS | |
| 650 | 4 | _aINGLES | |
| 650 | 4 | _aCOMUNICACION | |
| 650 | 4 | _aVOCABULARIO | |
| 650 | 4 | _aROL DEL DOCENTE | |
| 650 | 4 | _aPROCESO DE APRENDIZAJE | |
| 650 | 4 | _aACTIVIDADES DE APRENDIZAJE | |
| 653 | 0 | _aESTRATEGIAS DIDACTICAS | |
| 942 | _cBK | ||
| 998 | _craquel | ||
| 999 |
_c17975 _d17975 |
||